LAS BIENAVENTURANZAS HOY

محفوظ في:
التفاصيل البيبلوغرافية
المؤلف الرئيسي: Six, Jean-François (autor)
التنسيق: كتاب
الموضوعات:
الوسوم: إضافة وسم
لا توجد وسوم, كن أول من يضع وسما على هذه التسجيلة!

MARC

LEADER 00000nam^a2200000^a^4500
001 000213081
005 20250521000000.0
009 20260310103516.563
035 |a 035183 
037 |a Acervo Xavier Clavigero 
082 |a 237.  |b SIX 
100 |a Six, Jean-François  |e (autor) 
245 1 4 |a LAS BIENAVENTURANZAS HOY 
264 |a MADRID :  |b Ediciones Paulinas,  |c 1986: 
300 |a 224p. 
336 |a texto  |b txt  |2 rdacontenido 
337 |a sin mediación  |b n  |2 rdamedio 
338 |a volumen  |b nc  |2 rdasoporte 
649 |a XX 
650 |a Religión 
650 |a Biblia -  |x Nuevo Testamento -  |x Historia y Crítica 
910 |a Fondo General 
920 |a Impresos - Libros 
930 |a Colección General 
905 |a 101 
901 |a 035183  |b IT1  |c ACC  |i 035183  |u 20250521 
902 |a https://opac.biblio.iteso.mx/vufind/Record/000213081